00281nam a22000977a 4500003000400000005001700004008004100021040001800062082001400080245008900094OSt20250702113439.0250702b |||||||| |||| 00| 0 eng d aDLCbengcDLC a363.73874 aImpacts of Climate Change and Variability on Pastoralist Women in Sub-Saharan Africa